[Event "XXXVII Open International de Metz A (>1"]
[Site "METZ"]
[Date "2019.04.08"]
[Round "5.15"]
[White "Boulet, Philippe"]
[Black "Kienitz, Andre"]
[Result "1/2-1/2"]
[WhiteElo "1971"]
[BlackElo "2117"]
[PlyCount "73"]
[EventDate "2019.??.??"]
[WhiteTeam "Esbarres Bonnencontre Echecs"]

1. d4 d5 2. c4 e6 3. Nc3 Be7 4. cxd5 exd5 5. Bf4 c6 6. e3 Bd6 7. Bxd6 Qxd6 8.
Bd3 Ne7 9. Qc2 b6 10. Nf3 Ba6 11. Bxa6 Nxa6 12. O-O O-O 13. a3 Nc7 14. b4 Ne6
15. Rfd1 Rfd8 16. Na4 Rac8 17. Rac1 Rc7 18. Qb2 Rdc8 19. Nc3 Nf8 20. a4 Qe6 21.
Qd2 Nf5 22. Qd3 h6 23. Ne2 g5 24. Rc2 Nd6 25. Ng3 Ne4 26. Rdc1 Nd7 27. Ne1 Nxg3
28. hxg3 Kg7 29. Qe2 c5 30. dxc5 bxc5 31. bxc5 Rxc5 32. Nd3 Rxc2 33. Rxc2 Rc4
34. Nb2 Rc6 35. Qd2 Rxc2 36. Qxc2 Qe5 37. Nd1 1/2-1/2

[Event "XXXVII Open International de Metz A (>1"]
[Site "METZ"]
[Date "2019.04.08"]
[Round "5.16"]
[White "Chauvin, Denis"]
[Black "Lalande, Jean-Louis"]
[Result "1/2-1/2"]
[WhiteElo "1876"]
[BlackElo "2038"]
[PlyCount "33"]
[EventDate "2019.??.??"]
[WhiteTeam "Le Pion Tissalien Echecs"]
[BlackTeam "Club Avenir St Georges Section Echecs "]

1. d4 f5 2. Nf3 e6 3. Bg5 Nf6 4. Nbd2 d5 5. e3 c6 6. Bd3 Bd6 7. c4 Nbd7 8. cxd5
cxd5 9. O-O O-O 10. Re1 Qe8 11. Bf4 Be7 12. Rc1 Ne4 13. Bxe4 fxe4 14. Ne5 Nf6
15. h3 Bd6 16. Qe2 Qe7 17. Bg5 1/2-1/2

[Event "XXXVII Open International de Metz A (>1"]
[Site "METZ"]
[Date "2019.04.08"]
[Round "5.17"]
[White "Oblin, Pierre"]
[Black "Haenssel, Christian"]
[Result "0-1"]
[WhiteElo "1801"]
[BlackElo "2087"]
[PlyCount "64"]
[EventDate "2019.??.??"]
[WhiteTeam "Echiquier Grenoblois"]
[BlackTeam "Club d'Echecs Metz Fischer"]

1. b4 Nf6 2. Nf3 g6 3. Bb2 Bg7 4. e4 d6 5. Bc4 O-O 6. Qe2 e5 7. h4 Bg4 8. Qe3
c6 9. Nh2 d5 10. Bb3 h5 11. Nxg4 Nxg4 12. Qf3 Nd7 13. Nc3 Nb6 14. d3 Qe7 15. a3
a5 16. b5 d4 17. Nd1 cxb5 18. Qe2 Bh6 19. f3 Ne3 20. g4 Nxd1 21. Qxd1 hxg4 22.
h5 Kg7 23. hxg6 fxg6 24. Rxh6 Kxh6 25. Qd2+ Qg5 26. Qh2+ Kg7 27. Bc1 Qh5 28.
Qxh5 gxh5 29. fxg4 hxg4 30. Bg5 g3 31. Bh4 Rf3 32. Be6 Rh8 0-1

[Event "XXXVII Open International de Metz A (>1"]
[Site "METZ"]
[Date "2019.04.08"]
[Round "5.18"]
[White "Schweitzer, Victoria"]
[Black "Sarvadh Sathiaram"]
[Result "0-1"]
[WhiteElo "2084"]
[BlackElo "2079"]
[PlyCount "96"]
[EventDate "2019.??.??"]
[WhiteTeam "Metz Alekhine"]

1. e4 c5 2. Nc3 Nc6 3. f4 e6 4. Nf3 d5 5. e5 a6 6. a4 Nh6 7. Be2 Be7 8. O-O O-O
9. d3 f6 10. exf6 Bxf6 11. Bd2 Qb6 12. Kh1 Nd4 13. Rb1 Nxe2 14. Qxe2 Bxc3 15.
bxc3 Qc7 16. Qe5 Qc6 17. a5 Rf5 18. Qe2 Qc7 19. Rb6 Rf8 20. Re1 Nf7 21. Ne5 Nd8
22. Qe3 Bd7 23. Nxd7 Qxd7 24. Qxc5 Qa4 25. Rb3 Qd7 26. Qe3 Rc8 27. Reb1 Rf7 28.
h3 Qa4 29. Qb6 Nc6 30. c4 dxc4 31. dxc4 Qxc4 32. Rc3 Qa4 33. Qe3 Rd8 34. Rcb3
Qd4 35. Qxe6 Qxd2 36. Rxb7 Qd5 37. Qxd5 Rxd5 38. R7b6 Rc7 39. Rxa6 Rxa5 40.
Rab6 Rc5 41. R1b2 Nd4 42. Rd6 Nc6 43. Ra2 Kf7 44. Rb2 Ke7 45. Rd3 Rd7 46. Re3+
Kf7 47. c3 Ne7 48. Rb8 Rdc7 0-1

[Event "XXXVII Open International de Metz A (>1"]
[Site "METZ"]
[Date "2019.04.08"]
[Round "4.2"]
[White "Feller, Sebastien"]
[Black "Di Nicolantonio, Lucas"]
[Result "1/2-1/2"]
[WhiteElo "2586"]
[BlackElo "2359"]
[PlyCount "41"]
[EventDate "2019.??.??"]
[WhiteTeam "Club d'Echecs Metz Fischer"]
[BlackTeam "Club d'Echecs de l'Agglomeration Chamberienne"]

1. c4 e6 2. Nf3 d5 3. g3 Nf6 4. Bg2 c6 5. b3 Be7 6. Bb2 O-O 7. O-O b6 8. d4 Bb7
9. Nc3 Nbd7 10. Nd2 c5 11. cxd5 cxd4 12. Nb5 Bxd5 13. Nxd4 Bxg2 14. Kxg2 Rc8
15. Rc1 Nb8 16. N2f3 Qd7 17. Qd3 Rfd8 18. Rxc8 Rxc8 19. Rd1 h6 20. Qb1 Qb7 21.
Kg1 1/2-1/2

[Event "XXXVII Open International de Metz A (>1"]
[Site "METZ"]
[Date "2019.04.08"]
[Round "4.3"]
[White "Shchekachev, Andrei"]
[Black "Solodovnichenko, Yuri"]
[Result "1/2-1/2"]
[WhiteElo "2522"]
[BlackElo "2554"]
[PlyCount "45"]
[EventDate "2019.??.??"]
[WhiteTeam "Tremblay en France"]
[BlackTeam "Vandoeuvre-Echecs"]

1. c4 e6 2. g3 d5 3. Nf3 dxc4 4. Qa4+ Nd7 5. Bg2 a6 6. Qxc4 b5 7. Qc2 Bb7 8.
O-O Ngf6 9. b3 Be7 10. Bb2 c5 11. d3 O-O 12. Nbd2 Qb6 13. Rac1 Rac8 14. Qb1
Rfd8 15. a3 Ne8 16. Rc2 Bf6 17. Rfc1 h6 18. Bxf6 Nexf6 19. Qb2 Qd6 20. Ne5 Bxg2
21. Nxd7 Rxd7 22. Kxg2 Rdc7 23. Nf3 1/2-1/2

[Event "XXXVII Open International de Metz A (>1"]
[Site "METZ"]
[Date "2019.04.08"]
[Round "4.5"]
[White "Alok Sinha"]
[Black "Epishin, Vladimir"]
[Result "0-1"]
[WhiteElo "2271"]
[BlackElo "2568"]
[PlyCount "92"]
[EventDate "2019.??.??"]
[BlackTeam "Marseille Duchamps"]

1. e4 d5 2. exd5 Qxd5 3. Nc3 Qd6 4. g3 Nf6 5. Bg2 Nc6 6. Nge2 e5 7. d3 Be7 8.
Bg5 O-O 9. Qd2 Be6 10. O-O Rae8 11. Rae1 Nd5 12. Bxe7 Rxe7 13. Ne4 Qd8 14. Nc5
Bc8 15. d4 Nf6 16. d5 b6 17. Nb3 Nb8 18. c4 a5 19. Na1 Na6 20. Nc2 Bf5 21. Ne3
Bg6 22. f4 exf4 23. Nxf4 Rfe8 24. Nxg6 hxg6 25. Nc2 Qd6 26. b3 Qc5+ 27. Kh1
Rxe1 28. Rxe1 Rxe1+ 29. Nxe1 Qe7 30. Bf3 Qe5 31. Nd3 Qd4 32. Qe2 Nb4 33. Nxb4
axb4 34. h4 Kf8 35. Kg2 Qc3 36. g4 Nd7 37. d6 cxd6 38. Qe4 Qd2+ 39. Kf1 Qxa2
40. Qd4 Qxb3 41. Qxd6+ Kg8 42. Kg2 Qb2+ 43. Kg1 Qf6 44. Qxd7 Qxf3 45. Qd8+ Kh7
46. Qxb6 Qxg4+ 0-1

[Event "XXXVII Open International de Metz A (>1"]
[Site "METZ"]
[Date "2019.04.08"]
[Round "4.6"]
[White "Real, Thibault"]
[Black "Bujisho, Benjamin"]
[Result "1/2-1/2"]
[WhiteElo "2247"]
[BlackElo "2339"]
[PlyCount "120"]
[EventDate "2019.??.??"]
[WhiteTeam "Lille Université Club Echiquier du Nord"]
[BlackTeam "Chevau-légers de la Choisille"]

1. d4 Nf6 2. c4 d6 3. Nc3 Nbd7 4. e4 e5 5. d5 Be7 6. g3 Nc5 7. Bg2 a5 8. Nge2
O-O 9. O-O c6 10. h3 cxd5 11. cxd5 b5 12. Nxb5 Nfxe4 13. Nec3 Nxc3 14. Nxc3 Ba6
15. Re1 Nd3 16. Re4 f5 17. Ra4 Qb6 18. Qc2 Nxc1 19. Rxc1 Rab8 20. Ra3 Bg5 21.
Rb3 Qa7 22. Rxb8 Rxb8 23. Re1 Qd7 24. h4 Bd8 25. Bh3 g6 26. h5 Kg7 27. Kg2 Bb6
28. Rh1 Bd4 29. Qd2 Qf7 30. hxg6 Qxg6 31. Qc2 Rf8 32. Kh2 f4 33. Qxg6+ hxg6 34.
Ne4 Bb7 35. Be6 Ba6 36. Rc1 Bd3 37. Rc7+ Kh6 38. Nxd6 fxg3+ 39. Kxg3 Bxf2+ 40.
Kg2 Be3 41. Nf7+ Kh5 42. d6 Bb6 43. Kg3 Bf5 44. Rc2 Rxf7 45. Rh2+ Kg5 46. Bxf7
e4 47. Bc4 Be3 48. Rf2 Bxf2+ 49. Kxf2 Kf6 50. Bb5 Ke6 51. d7 Ke7 52. Ke3 Bxd7
53. Bxd7 Kxd7 54. Kxe4 Kd6 55. b3 a4 56. bxa4 Kc5 57. Kf4 Kb4 58. a3+ Ka5 59.
Kg5 Kxa4 60. Kxg6 Kxa3 1/2-1/2

[Event "XXXVII Open International de Metz A (>1"]
[Site "METZ"]
[Date "2019.04.08"]
[Round "4.7"]
[White "Pucher, Sebastien"]
[Black "Muller, Etienne"]
[Result "1-0"]
[WhiteElo "2309"]
[BlackElo "2166"]
[PlyCount "93"]
[EventDate "2019.??.??"]
[WhiteTeam "Club d'Echecs Metz Fischer"]
[BlackTeam "Echec et Mat Forbach"]

1. b3 g6 2. Bb2 Nf6 3. g3 Bg7 4. Bg2 c6 5. c4 O-O 6. Nf3 d5 7. O-O Nbd7 8. d4
Re8 9. e3 b6 10. Nbd2 Bb7 11. b4 Rc8 12. Qb3 Qc7 13. Rfc1 Qb8 14. a4 a6 15. c5
b5 16. axb5 axb5 17. Ne5 Nxe5 18. dxe5 Nd7 19. f4 f6 20. e4 e6 21. exf6 Bxf6
22. Bxf6 Nxf6 23. e5 Nd7 24. Nf3 Qc7 25. h4 Ra8 26. Bh3 Nf8 27. Nd4 Rxa1 28.
Rxa1 Bc8 29. Ra8 Kf7 30. Qa2 Re7 31. Kf2 Qb7 32. Ke3 Rc7 33. Qa1 Bd7 34. Ra6
Ke7 35. Qa5 Qb8 36. Ra8 Qb7 37. Ra6 Qb8 38. Qa1 Qb7 39. Qa2 Qb8 40. Bg4 Qc8 41.
Qa1 Qb7 42. Ra2 Qb8 43. h5 Rb7 44. hxg6 hxg6 45. Ra8 Qc7 46. Qh1 Ra7 47. Qh4+
1-0

[Event "XXXVII Open International de Metz A (>1"]
[Site "METZ"]
[Date "2019.04.08"]
[Round "4.9"]
[White "Navrotescu, Andreea-Cristiana"]
[Black "Ojas Kulkarni"]
[Result "1/2-1/2"]
[WhiteElo "2234"]
[BlackElo "2240"]
[PlyCount "91"]
[EventDate "2019.??.??"]
[WhiteTeam "L'Echiquier du Roy René"]

1. d4 Nf6 2. c4 g6 3. Nc3 d5 4. Bf4 Bg7 5. e3 c5 6. dxc5 Qa5 7. Rc1 dxc4 8.
Bxc4 O-O 9. Nf3 Qxc5 10. Bb3 Nc6 11. O-O Qa5 12. h3 Bf5 13. Qe2 Ne4 14. g4 Nxc3
15. bxc3 Bd7 16. Rfd1 Rad8 17. Rd5 Qa3 18. Rcd1 Be6 19. Rxd8 Nxd8 20. Qb5 a6
21. Qb6 Bxb3 22. axb3 Ne6 23. Be5 Bxe5 24. Nxe5 Qc5 25. Qxc5 Nxc5 26. b4 Ne4
27. Rd7 f6 28. Nd3 Nxc3 29. Rxb7 Kf7 30. Ra7 Rd8 31. Nc5 Rb8 32. Nxa6 Rb6 33.
Kg2 Nd5 34. h4 Nxb4 35. Nc5 Nc6 36. Rc7 Ne5 37. Kg3 Rc6 38. Rxc6 Nxc6 39. f4 h6
40. h5 gxh5 41. gxh5 f5 42. e4 fxe4 43. Nxe4 Nd4 44. Kg4 e6 45. Ng3 Kf6 46.
Ne4+ 1/2-1/2

[Event "XXXVII Open International de Metz A (>1"]
[Site "METZ"]
[Date "2019.04.08"]
[Round "4.10"]
[White "Veron, Cyprien"]
[Black "Omelja, Artem"]
[Result "0-1"]
[WhiteElo "1990"]
[BlackElo "2472"]
[PlyCount "78"]
[EventDate "2019.??.??"]
[WhiteTeam "Saint Hilaire Petitville"]

1. Nf3 b6 2. g3 Bb7 3. Bg2 g6 4. O-O Bg7 5. c4 c5 6. Nc3 Nf6 7. d3 O-O 8. e4 d6
9. Rb1 Nc6 10. a3 Nd7 11. Bd2 e6 12. b4 Qe7 13. b5 Nd4 14. Nxd4 cxd4 15. Ne2 a5
16. f4 Nc5 17. Nc1 f5 18. exf5 gxf5 19. Qh5 Rae8 20. Kh1 Bxg2+ 21. Kxg2 Qb7+
22. Kg1 Re7 23. Rb2 Ref7 24. Be1 e5 25. fxe5 dxe5 26. Rbf2 Qd7 27. g4 f4 28.
Bd2 Qe6 29. Qh3 h6 30. Qf3 Kh7 31. Kh1 Rg8 32. Rg1 Bf8 33. Rfg2 Be7 34. g5 Rxg5
35. Rxg5 Bxg5 36. Rxg5 hxg5 37. Qh5+ Kg8 38. Qxg5+ Rg7 39. Qd8+ Kh7 0-1

[Event "XXXVII Open International de Metz A (>1"]
[Site "METZ"]
[Date "2019.04.08"]
[Round "4.11"]
[White "Luba, Lukasz"]
[Black "Thomas, Anysia"]
[Result "1-0"]
[WhiteElo "2151"]
[BlackElo "2149"]
[PlyCount "63"]
[EventDate "2019.??.??"]
[BlackTeam "Vandoeuvre-Echecs"]

1. d4 g6 2. Bf4 Bg7 3. c3 Nf6 4. Nd2 d5 5. h3 Nbd7 6. Ngf3 O-O 7. g4 c5 8. e3
Ne4 9. Nxe4 dxe4 10. Nd2 cxd4 11. exd4 e5 12. dxe5 Nc5 13. Nc4 Nd3+ 14. Bxd3
exd3 15. Nd6 Qa5 16. Qxd3 Bd7 17. O-O Bc6 18. Rfe1 Rad8 19. a4 Qc7 20. b4 b6
21. Qc4 Rxd6 22. exd6 Qb7 23. Re7 Qa8 24. Rxa7 Qe8 25. b5 Bf3 26. Qd3 Be4 27.
Qe3 f5 28. Rxg7+ Kxg7 29. Bh6+ Kg8 30. Bxf8 Qxf8 31. d7 Qd6 32. Qd4 1-0

[Event "XXXVII Open International de Metz A (>1"]
[Site "METZ"]
[Date "2019.04.08"]
[Round "4.12"]
[White "Llapasset, Jean-Louis"]
[Black "Schweitzer, Victoria"]
[Result "1-0"]
[WhiteElo "2062"]
[BlackElo "2084"]
[PlyCount "95"]
[EventDate "2019.??.??"]
[WhiteTeam "Echiquier Diabolique de Canohes"]
[BlackTeam "Metz Alekhine"]

1. e4 g6 2. d4 c6 3. Nc3 d5 4. e5 Bg7 5. Nf3 Bg4 6. Be3 e6 7. Be2 Bxf3 8. Bxf3
Ne7 9. O-O Nf5 10. Qd3 O-O 11. Bf4 Nd7 12. Ne2 c5 13. c3 Qb6 14. Qd2 cxd4 15.
cxd4 Rfc8 16. Rfc1 Ne7 17. h4 Nc6 18. h5 Na5 19. b3 Bf8 20. g3 Ba3 21. Rxc8+
Rxc8 22. Kg2 Qb4 23. Qd3 Nc6 24. hxg6 fxg6 25. Bg4 Nf8 26. Bh6 Re8 27. Qf3 Qe7
28. Rd1 Qf7 29. Qe3 Ne7 30. Qc3 Nf5 31. Bd2 Be7 32. Rc1 h5 33. Bxf5 Qxf5 34.
Qf3 Qxf3+ 35. Kxf3 Rd8 36. Bh6 g5 37. Ke3 Rd7 38. f4 Nh7 39. Rh1 g4 40. Rxh5
Kf7 41. Bg5 Nxg5 42. fxg5 Kg6 43. Nf4+ Kf5 44. Rh7 Kxg5 45. Nxe6+ Kf5 46. Nf4
Rc7 47. Rh5+ Bg5 48. Rxg5+ 1-0

[Event "XXXVII Open International de Metz A (>1"]
[Site "METZ"]
[Date "2019.04.08"]
[Round "4.13"]
[White "Sarvadh Sathiaram"]
[Black "Hejazipour, Mitra"]
[Result "0-1"]
[WhiteElo "2079"]
[BlackElo "2255"]
[PlyCount "74"]
[EventDate "2019.??.??"]
[BlackTeam "USAM Echiquier Brestois"]

1. e4 c5 2. Nf3 d6 3. d4 cxd4 4. Nxd4 Nf6 5. Nc3 a6 6. h3 b5 7. g4 Bb7 8. Bg2
Nc6 9. O-O Nxd4 10. Qxd4 e5 11. Qd3 Be7 12. a3 Rc8 13. f4 Nd7 14. Be3 exf4 15.
Bxf4 Ne5 16. Qe2 Qc7 17. Rac1 O-O 18. a4 bxa4 19. Nxa4 Ng6 20. Be3 Nh4 21. Nb6
Rce8 22. Bh1 d5 23. Qf2 dxe4 24. Rcd1 Rd8 25. Rxd8 Qxd8 26. Nc4 f5 27. Bc5 f4
28. Bxe7 Qxe7 29. Qd4 e3 30. Bd5+ Bxd5 31. Qxd5+ Kh8 32. Qe5 Qb7 33. Nxe3 Qf3
34. Qe7 Qg3+ 35. Kh1 Qxh3+ 36. Kg1 Qg3+ 37. Kh1 Ng6 0-1

[Event "XXXVII Open International de Metz A (>1"]
[Site "METZ"]
[Date "2019.04.08"]
[Round "4.14"]
[White "Chigaeva, Anastasia"]
[Black "Julian, Stephane"]
[Result "1/2-1/2"]
[WhiteElo "2158"]
[BlackElo "1993"]
[PlyCount "33"]
[EventDate "2019.??.??"]
[BlackTeam "Vandoeuvre-Echecs"]

1. d4 Nf6 2. c4 e6 3. Nf3 b6 4. g3 Ba6 5. Qa4 Bb7 6. Bg2 c5 7. dxc5 Bxc5 8. O-O
O-O 9. Nc3 Be7 10. a3 Qc8 11. Bf4 Na6 12. Nb5 Nc5 13. Qc2 Nce4 14. Nc7 Rb8 15.
Nb5 Ra8 16. Nc7 Rb8 17. Nb5 1/2-1/2

[Event "XXXVII Open International de Metz A (>1"]
[Site "METZ"]
[Date "2019.04.08"]
[Round "4.15"]
[White "Narendran Gouthaman"]
[Black "Boulet, Philippe"]
[Result "1/2-1/2"]
[WhiteElo "2156"]
[BlackElo "1971"]
[PlyCount "129"]
[EventDate "2019.??.??"]
[BlackTeam "Esbarres Bonnencontre Echecs"]

1. e4 c5 2. Nf3 g6 3. d4 cxd4 4. Nxd4 Nc6 5. c4 Nf6 6. Nc3 d6 7. Be2 Nxd4 8.
Qxd4 Bg7 9. Bg5 O-O 10. Qd2 Be6 11. O-O Rc8 12. Rfd1 Re8 13. Rac1 Qa5 14. b3
Nd7 15. Be3 a6 16. f3 b5 17. Nd5 Qxd2 18. Bxd2 Bxd5 19. exd5 Bb2 20. Rb1 Bd4+
21. Kf1 Rb8 22. cxb5 axb5 23. b4 Nf6 24. Bg5 Ba7 25. Rbc1 Rb7 26. Bh6 Nd7 27.
Rc2 f6 28. Bf4 Kf7 29. Rdc1 Bd4 30. Rd1 Ba7 31. a3 Ra8 32. Bc1 g5 33. Rd3 Nb6
34. Rd1 Nd7 35. Rc3 Ne5 36. Rd2 h6 37. Rdc2 Rab8 38. Rc8 Rxc8 39. Rxc8 Nd7 40.
Bd3 Nb6 41. Rh8 Nxd5 42. Rxh6 Rc7 43. Bd2 Be3 44. Ke2 Bxd2 45. Kxd2 Nf4 46. Rh8
Ra7 47. Bxb5 Rxa3 48. g3 Ng6 49. Rc8 Ne5 50. f4 Nf3+ 51. Kc1 gxf4 52. gxf4 e6
53. Rc7+ Kg6 54. Kb2 Re3 55. Rc3 Rxc3 56. Kxc3 Kf7 57. Be2 Nxh2 58. Kc4 e5 59.
f5 e4 60. Kd4 d5 61. b5 Ke7 62. Kxd5 Nf3 63. Kxe4 Ng5+ 64. Kf4 Nf7 65. Ke4
1/2-1/2

[Event "XXXVII Open International de Metz A (>1"]
[Site "METZ"]
[Date "2019.04.08"]
[Round "4.16"]
[White "Kienitz, Andre"]
[Black "Chauvin, Denis"]
[Result "1/2-1/2"]
[WhiteElo "2117"]
[BlackElo "1876"]
[PlyCount "61"]
[EventDate "2019.??.??"]
[BlackTeam "Le Pion Tissalien Echecs"]

1. e4 b6 2. d4 Bb7 3. Bd3 Nf6 4. Nd2 e6 5. Ngf3 c5 6. c3 d5 7. e5 Nfd7 8. O-O
Ba6 9. Bxa6 Nxa6 10. c4 Nc7 11. cxd5 exd5 12. dxc5 bxc5 13. Re1 Ne6 14. b3 g6
15. Nf1 Nb6 16. Bb2 Bg7 17. Qd2 Qd7 18. Rad1 Rd8 19. a4 h5 20. a5 Na8 21. Qd3
Nac7 22. g3 O-O 23. Ne3 Qc6 24. Rc1 Qa6 25. Qxa6 Nxa6 26. Red1 Bh6 27. Rb1 Nb4
28. Bc1 Bg7 29. Bb2 Bh6 30. Bc1 Bg7 31. Bb2 1/2-1/2

[Event "XXXVII Open International de Metz A (>1"]
[Site "METZ"]
[Date "2019.04.08"]
[Round "4.17"]
[White "Sadeghi, Hassan"]
[Black "Oblin, Pierre"]
[Result "1-0"]
[WhiteElo "2112"]
[BlackElo "1801"]
[PlyCount "33"]
[EventDate "2019.??.??"]
[WhiteTeam "Cercle d'Echecs d'Evian"]
[BlackTeam "Echiquier Grenoblois"]

1. Nc3 Nf6 2. e4 d6 3. f4 g6 4. d4 Bg7 5. e5 Nfd7 6. Nf3 c5 7. exd6 O-O 8. d5
Bxc3+ 9. bxc3 exd6 10. Be2 Qa5 11. O-O Nf6 12. c4 Na6 13. h3 Bd7 14. Bb2 Nh5
15. Ng5 Ng3 16. Bd3 Nxf1 17. Qh5 1-0

[Event "XXXVII Open International de Metz A (>1"]
[Site "METZ"]
[Date "2019.04.08"]
[Round "4.18"]
[White "Lalande, Jean-Louis"]
[Black "Steibel, Julien"]
[Result "1-0"]
[WhiteElo "2038"]
[BlackElo "2064"]
[PlyCount "71"]
[EventDate "2019.??.??"]
[WhiteTeam "Club Avenir St Georges Section Echecs "]
[BlackTeam "Bischwiller"]

1. f4 d5 2. Nf3 Nf6 3. b3 e6 4. Bb2 Be7 5. e3 c5 6. Nc3 a6 7. Ne5 Nbd7 8. Ne2
Nxe5 9. fxe5 Nd7 10. Nf4 Qc7 11. Qg4 g6 12. Qg3 b6 13. Be2 Bb7 14. Bg4 Qc6 15.
Bf3 Qc7 16. O-O O-O-O 17. d4 g5 18. Nh5 c4 19. c3 b5 20. Be2 Rdf8 21. a4 f5 22.
axb5 axb5 23. Ba3 Bxa3 24. Rxa3 Rhg8 25. Qe1 Qb6 26. bxc4 dxc4 27. Qb1 Bd5 28.
Qb4 Qc6 29. Bf3 f4 30. e4 Bxe4 31. Bxe4 Qxe4 32. Nf6 Nxf6 33. Qc5+ Kd8 34. exf6
Rxf6 35. Ra7 Qe3+ 36. Kh1 1-0

[Event "XXXVII Open International de Metz A (>1"]
[Site "METZ"]
[Date "2019.04.08"]
[Round "4.19"]
[White "Haenssel, Christian"]
[Black "Frantz, Nicolas"]
[Result "1-0"]
[WhiteElo "2087"]
[BlackElo "2115"]
[PlyCount "175"]
[EventDate "2019.??.??"]
[WhiteTeam "Club d'Echecs Metz Fischer"]
[BlackTeam "Vandoeuvre-Echecs"]

1. c4 e5 2. g3 Nf6 3. Bg2 h6 4. Nc3 Bb4 5. e4 Bxc3 6. bxc3 O-O 7. Ne2 Re8 8.
O-O d6 9. h3 Be6 10. d3 c6 11. f4 Na6 12. Be3 Bc8 13. Kh2 exf4 14. gxf4 Nh7 15.
f5 d5 16. cxd5 cxd5 17. Bd4 dxe4 18. dxe4 Qd6+ 19. e5 Qc7 20. Kh1 Bd7 21. f6
Bc6 22. Rg1 Qd7 23. Kh2 Ng5 24. Nf4 Qf5 25. Qf1 g6 26. Bxc6 bxc6 27. h4 c5 28.
hxg5 cxd4 29. cxd4 hxg5 30. Nh3 Qxf1 31. Raxf1 Rad8 32. Nxg5 Nc7 33. Rd1 Rd5
34. Nf3 Red8 35. Rd2 Nb5 36. Rb1 Nxd4 37. Rxd4 Rxd4 38. Nxd4 Rxd4 39. Rb8+ Kh7
40. Rb7 Re4 41. Rxf7+ Kg8 42. Re7 Kf8 43. Kg3 Ra4 44. e6 Re4 45. Kf3 Re5 46.
Kg4 a5 47. a4 Rf5 48. Rf7+ Ke8 49. Kh4 Re5 50. Ra7 Rxe6 51. Kg5 Re1 52. Kxg6
Rg1+ 53. Kf5 Rf1+ 54. Ke5 Re1+ 55. Kd6 Rd1+ 56. Kc7 Rd7+ 57. Kb8 Rd8+ 58. Kb7
Rd7+ 59. Kb6 Rd6+ 60. Kxa5 Rxf6 61. Rc7 Kd8 62. Rc1 Rf2 63. Rc5 Rb2 64. Ka6 Rb1
65. a5 Rb2 66. Rc6 Kd7 67. Rh6 Kc7 68. Rb6 Ra2 69. Rb5 Kc6 70. Rh5 Kc7 71. Ka7
Rb2 72. Rc5+ Kd8 73. Rc6 Rb5 74. a6 Rb2 75. Rh6 Kc7 76. Rh7+ Kc8 77. Rb7 Ra2
78. Rb5 Rc2 79. Rb8+ Kc7 80. Rh8 Rb2 81. Rh7+ Kc8 82. Rh5 Kc7 83. Rc5+ Kd8 84.
Rc6 Ra2 85. Kb7 Rb2+ 86. Rb6 Rxb6+ 87. Kxb6 Kc8 88. a7 1-0

[Event "XXXVII Open International de Metz A (>1"]
[Site "METZ"]
[Date "2019.04.08"]
[Round "3.3"]
[White "Di Nicolantonio, Lucas"]
[Black "Maiorov, Nikita"]
[Result "1/2-1/2"]
[WhiteElo "2359"]
[BlackElo "2540"]
[PlyCount "70"]
[EventDate "2019.??.??"]
[WhiteTeam "Club d'Echecs de l'Agglomeration Chamberienne"]

1. e4 e5 2. Nf3 Nc6 3. d4 exd4 4. Nxd4 Bc5 5. Nb3 Bb6 6. Nc3 Nf6 7. Qe2 O-O 8.
Bg5 h6 9. Bh4 a5 10. O-O-O a4 11. Nd2 Bd4 12. Nb5 a3 13. bxa3 Be5 14. Nc4 d6
15. Qe3 Ng4 16. Bxd8 Nxe3 17. fxe3 Rxd8 18. Nxc7 Ra4 19. Nb5 Bg4 20. Rd2 Be6
21. Nxe5 Nxe5 22. Rd4 Ra6 23. Be2 Kf8 24. Rhd1 Ke7 25. Rb4 Rd7 26. Kd2 Ra8 27.
c4 Rc8 28. Rc1 Ra8 29. Rc3 Ra5 30. Nd4 Rc7 31. Nb5 Rc5 32. Nd4 Ra7 33. Rcb3 Nc6
34. Nb5 Ra8 35. Kc3 Kd8 1/2-1/2

[Event "XXXVII Open International de Metz A (>1"]
[Site "METZ"]
[Date "2019.04.08"]
[Round "3.4"]
[White "Solodovnichenko, Yuri"]
[Black "Colson, Arnaud"]
[Result "1-0"]
[WhiteElo "2554"]
[BlackElo "2028"]
[PlyCount "51"]
[EventDate "2019.??.??"]
[WhiteTeam "Vandoeuvre-Echecs"]
[BlackTeam "Cercle d'Echecs de Creutzwald"]

1. e4 e6 2. d4 d5 3. Nc3 Bb4 4. Nge2 dxe4 5. a3 Be7 6. Nxe4 Nf6 7. Qd3 b6 8.
Nxf6+ Bxf6 9. Bf4 Bb7 10. Qg3 O-O 11. Bxc7 Qd5 12. O-O-O Qa2 13. Nc3 Qa1+ 14.
Kd2 Qxb2 15. Rb1 Qxa3 16. Bd6 Qa5 17. Bb5 Rc8 18. Bb4 Rxc3 19. Bxc3 Qa2 20. Rb3
Be4 21. Bb2 Bxd4 22. Ra1 Qxa1 23. Bxa1 Bxa1 24. Qh4 f5 25. Qd8+ Kf7 26. Be8+
1-0

[Event "XXXVII Open International de Metz A (>1"]
[Site "METZ"]
[Date "2019.04.08"]
[Round "3.5"]
[White "Palac, Mladen"]
[Black "Veron, Cyprien"]
[Result "1-0"]
[WhiteElo "2550"]
[BlackElo "1990"]
[PlyCount "49"]
[EventDate "2019.??.??"]
[WhiteTeam "Nice Alekhine"]
[BlackTeam "Saint Hilaire Petitville"]

1. e4 e5 2. Nf3 Nc6 3. Bb5 a6 4. Ba4 Nf6 5. O-O Be7 6. Re1 b5 7. Bb3 d6 8. a4
Bb7 9. c3 O-O 10. d4 exd4 11. cxd4 Na5 12. Bc2 d5 13. e5 Ne4 14. Nbd2 Bb4 15.
Nxe4 dxe4 16. Rxe4 Bxe4 17. Bxe4 Rb8 18. Bxh7+ Kxh7 19. Ng5+ Kg6 20. h4 Rh8 21.
Qd3+ f5 22. exf6+ Kxf6 23. Qf3+ Ke7 24. Qf7+ Kd6 25. Qe6# 1-0

[Event "XXXVII Open International de Metz A (>1"]
[Site "METZ"]
[Date "2019.04.08"]
[Round "3.6"]
[White "Omelja, Artem"]
[Black "Real, Thibault"]
[Result "1/2-1/2"]
[WhiteElo "2472"]
[BlackElo "2247"]
[PlyCount "122"]
[EventDate "2019.??.??"]
[BlackTeam "Lille Université Club Echiquier du Nord"]

1. Nf3 d5 2. c4 c6 3. d4 Nf6 4. e3 e6 5. b3 a5 6. Nc3 Bb4 7. Bd2 Bd6 8. Bd3
Nbd7 9. O-O O-O 10. h3 e5 11. cxd5 cxd5 12. Nb5 Bb8 13. dxe5 Nxe5 14. Nxe5 Bxe5
15. Bc3 Qe7 16. Rc1 Ne4 17. Bxe5 Qxe5 18. f4 Qf5 19. Nd4 Qf6 20. Qh5 Be6 21.
Rc7 g6 22. Qe5 Qxe5 23. fxe5 Rfc8 24. Rfc1 Rxc7 25. Rxc7 a4 26. b4 a3 27. Kf1
Re8 28. Bb5 Rb8 29. Ke2 h5 30. Kd3 h4 31. Kc2 Ng5 32. Kb3 Bf5 33. Nxf5 gxf5 34.
Kxa3 Ne6 35. Rd7 f4 36. exf4 Nxf4 37. Kb3 Kg7 38. a4 Kg6 39. a5 Kf5 40. Rxf7+
Kxe5 41. Rg7 d4 42. Kc2 Nd5 43. Rg5+ Kd6 44. Kd3 Nxb4+ 45. Kxd4 Ra8 46. Rg6+
Ke7 47. Kc5 Nc2 48. Kb6 Ne3 49. Rg5 Kd6 50. Be2 Nd5+ 51. Rxd5+ Kxd5 52. Bf3+
Kd6 53. Bxb7 Rf8 54. a6 Rf2 55. Kb5 Rb2+ 56. Kc4 Kc7 57. Kc5 Rc2+ 58. Kd4 Kb6
59. Ke5 Rf2 60. Kd4 Rf8 61. Ke3 Rf6 1/2-1/2

[Event "XXXVII Open International de Metz A (>1"]
[Site "METZ"]
[Date "2019.04.08"]
[Round "3.7"]
[White "Epishin, Vladimir"]
[Black "Chigaeva, Anastasia"]
[Result "1-0"]
[WhiteElo "2568"]
[BlackElo "2158"]
[PlyCount "59"]
[EventDate "2019.??.??"]
[WhiteTeam "Marseille Duchamps"]

1. Nf3 d5 2. e3 c6 3. c4 Nf6 4. Nc3 Bg4 5. Qb3 Qb6 6. d4 Nbd7 7. Bd2 e6 8. Bd3
Be7 9. O-O-O O-O 10. h3 Bh5 11. Kb1 dxc4 12. Qxc4 c5 13. g4 Bg6 14. Bxg6 hxg6
15. g5 Nh5 16. d5 a6 17. Qe4 Rab8 18. h4 Qd6 19. Bc1 e5 20. Qg4 Rfd8 21. Nd2 b5
22. Nde4 Qb6 23. d6 Bf8 24. Nd5 Qb7 25. Ne7+ Kh7 26. Ng3 Nxg3 27. fxg3 Nb6 28.
h5 Bxe7 29. hxg6+ Kxg6 30. e4 1-0